Mathematics of Finance (Record no. 1011)

MARC details
005 - DATE AND TIME OF LATEST TRANSACTION
control field 20250319143530.0
020 ## - INTERNATIONAL STANDARD BOOK NUMBER
International Standard Book Number 07-031161-7
082 ## - DEWEY DECIMAL CLASSIFICATION NUMBER
Classification number 513.93 HUM
100 ## - MAIN ENTRY--PERSONAL NAME
Author name HUMMEL, P. M..
245 ## - TITLE STATEMENT
Title Mathematics of Finance
250 ## - EDITION STATEMENT
Edition statement 3rd Ed
260 ## - PUBLICATION, DISTRIBUTION, ETC.
Place of publication, distribution, etc. New York,
Name of publisher, distributor, etc. McGraw- Hill Book Company,
Date of publication, distribution, etc. 1956.
300 ## - PHYSICAL DESCRIPTION
Extent x, 368p.: table,
Other physical details index,
Dimensions 23cm.
942 ## - ADDED ENTRY ELEMENTS (KOHA)
Source of classification or shelving scheme Dewey Decimal Classification
Koha item type Books
Holdings
Date last seen Total checkouts Full call number Barcode Cost, replacement price Price effective from Koha item type Lost status Source of classification or shelving scheme Damaged status Not for loan Withdrawn status Home library Current library Shelving location Date acquired Cost, normal purchase price
03/19/2025   513.93 HUM 0000003929 45000.00 03/19/2025 Books   Dewey Decimal Classification       College of Business Education Main Library College of Business Education Main Library General Collection 03/19/2025 15000.00